000
00287nam a22001337a 4500
003
SGT
082
_a
370
_b
H16M
100
_a
MALHOTRA, M.R.N.
245
_a
HIGHER EDUCATION IN INDIA
260
_a
NEW DELHI
_b
CONCEPT PUB
_c
2016
300
_a
477
650
_a
EDUCATION
942
_2
ddc
_c
BK
999
_c
12399
_d
12399